00841cam a22002291 4500001001300000003000400013005001700017008004100034010001700075035001900092040003300111042001200144050001300156110006000169245011600229260008200345300002200427500004800449650004000497650004100537700003300578pa 66000009 DLC20260227111857.0760816s1965 dcu 000 0 spa c apa 66000009  a(OCoLC)2377385 aPan American UnioncNbUdDLC apremarc00aT84b.P32 aPan American Union.bDepartment of Educational Affairs.10aServicios de educación técnica y formación profesional en Argentina, Brasil, Colombia, Peru, y Venezuela. aWashington,bDepartmento de Asuntos Educativos, Unión Pan-americana,c1965. aiv, 82 p.c28 cm. a"Preparado por Miguel Ricardo Rodríguez." 0aTechnical educationzSouth America. 0aVocational educationzSouth America.1 aRodríguez, Miguel Ricardo.